Представление документа в формате MARC21

Поле Инд. ПП Название Значение
Тип записи a
Библиографический уровень b
001 Контрольный номер RU/IS/BASE/143895351
005 Дата корректировки 20240802121103.9
084 a Индекс другой классификации/Индекс ББК 87.256; 72в
100 10 a Автор Уемов А. И.
245 00 a Заглавие Системный подход к проблеме классификации наук и научных исследований
504 00 a Библиография Лит.: с. 100 - 101
520 00 a Аннотация Предлагается классификация научных исследований, построенная по схеме системного подхода: фиксируется системообразующее свойство - концепт классификации, строится формальная структура этого концепта и ищется субстрат - конкретные науки, научные направления, теории, на которых эта структура реализуется
650 04 a Основная рубрика методология науки
a Основная рубрика наука
a Основная рубрика философия
653 00 a Ключевые слова классификация наук
a Ключевые слова наука
a Ключевые слова научная методология
a Ключевые слова научные исследования
a Ключевые слова системный подход
a Ключевые слова стратегия научного исследования
773 00 t Заглавие источника Философские науки
d Дата издания источника 2000
g Прочая информация № 2. - С. 87 - 101
w Контрольный № источника RU/IS/BASE/141145618
901 t Тип документа b